| 000 | 00490nam a22001577a 4500 | ||
|---|---|---|---|
| 005 | 20250325125205.0 | ||
| 008 | 250325b |||||||| |||| 00| 0 eng d | ||
| 020 | _a9780300056624 | ||
| 050 |
_aHD4904 _bNAT |
||
| 245 |
_aThe nature of work ; _bsociological perspective _cedited by Kai Erikson, Steven Peter Vallas |
||
| 260 |
_aNew Haven _bYale University Press _cc1990 |
||
| 300 | _aviii, 378p | ||
| 500 | _aincludes index | ||
| 700 | _aKai Erikson, Steven peter Vallas | ||
| 942 |
_2lcc _cBK _n0 |
||
| 999 |
_c5186 _d5186 |
||